Retired Jersey Numbers - LA Lakers - Statistics

General Stats
  • This quiz has been taken 133 times
  • The average score is 9 of 11
Answer Stats
Jersey Number Player Name % Correct
8 Kobe Bryant
100%
24 Kobe Bryant
100%
33 Kareem Abdul-Jabbar
97%
32 Magic Johnson
97%
34 Shaquille O'Neal
94%
44 Jerry West
90%
22 Elgin Baylor
84%
13 Wilt Chamberlain
81%
42 James Worthy
79%
25 Gail Goodrich
55%
52 Jamaal Wilkes
46%
No matching quizzes found
Score Distribution
Percent of People with Each Score
Percentile by Number Answered
Your Score History
You have not taken this quiz